<?xml version="1.0" encoding="UTF-8"?><?xml-stylesheet type="text/xsl" href="static/style.xsl"?><OAI-PMH xmlns="http://www.openarchives.org/OAI/2.0/" xmlns:xsi="http://www.w3.org/2001/XMLSchema-instance" xsi:schemaLocation="http://www.openarchives.org/OAI/2.0/ http://www.openarchives.org/OAI/2.0/OAI-PMH.xsd"><responseDate>2026-06-05T14:41:22Z</responseDate><request verb="GetRecord" identifier="oai:riuma.uma.es:10630/37949" metadataPrefix="marc">https://riuma.uma.es/rest/oai/request</request><GetRecord><record><header><identifier>oai:riuma.uma.es:10630/37949</identifier><datestamp>2026-02-03T11:32:06Z</datestamp><setSpec>com_10630_2254</setSpec><setSpec>col_10630_37953</setSpec></header><metadata><record xmlns="http://www.loc.gov/MARC21/slim" xmlns:dcterms="http://purl.org/dc/terms/" xmlns:doc="http://www.lyncode.com/xoai" xmlns:xsi="http://www.w3.org/2001/XMLSchema-instance" xsi:schemaLocation="http://www.loc.gov/MARC21/slim http://www.loc.gov/standards/marcxml/schema/MARC21slim.xsd">
   <leader>00925njm 22002777a 4500</leader>
   <datafield ind2=" " ind1=" " tag="042">
      <subfield code="a">dc</subfield>
   </datafield>
   <datafield ind2=" " ind1=" " tag="720">
      <subfield code="a">Carpi, Elena</subfield>
      <subfield code="e">author</subfield>
   </datafield>
   <datafield ind2=" " ind1=" " tag="720">
      <subfield code="a">Carriscondo-Esquivel, Francisco M.</subfield>
      <subfield code="e">author</subfield>
   </datafield>
   <datafield ind2=" " ind1=" " tag="260">
      <subfield code="c">2023-01-01</subfield>
   </datafield>
   <datafield ind2=" " ind1=" " tag="520">
      <subfield code="a">En la fase previa a la constitución de la Real Academia Española, los fundadores solicitaron a la Accademia della Crusca información sobre sus estatutos, una copia de los cuales la institución italiana facilitó a su hermana española. En este trabajo se estudian y se transcriben los manuscritos de «Le leggi dell’Accademiadella Crusca riformate l’anno 1589 y su traducción al español», hallados en el Archivo de la Docta Casa.&#xd;
&#xd;
In the period that preceded the formation of the Spanish Real Academia, the Accademia della Crusca was asked for information on its statutes, which the Italian academy sent to Spain. In this paper, we study and transcribe the manuscripts of «Le leggi dell’Accademia della Crusca riformate nel 1589» and its Spanish version, found in the Archives of the RAE.</subfield>
   </datafield>
   <datafield ind1="8" ind2=" " tag="024">
      <subfield code="a">Carpi, Elena - Carriscondo Esquivel, Francisco M. (2023): «Academias en contacto en el siglo XVIII. La traducción española de las “Leggi” de la Accademia della Crusca», en Boletín de la Real Academia Española de la Lengua CIII/CCCXXVII, enero-junio, 5-46.</subfield>
   </datafield>
   <datafield ind1="8" ind2=" " tag="024">
      <subfield code="a">https://hdl.handle.net/10630/37949</subfield>
   </datafield>
   <datafield tag="653" ind2=" " ind1=" ">
      <subfield code="a">Academias - Europa - S. XVIII</subfield>
   </datafield>
   <datafield ind2="0" ind1="0" tag="245">
      <subfield code="a">Academias en contacto en el siglo XVIII. La traducción española de las «Leggi» de la Accademia della Crusca.</subfield>
   </datafield>
</record>
</metadata></record></GetRecord></OAI-PMH>